<?xml version="1.0" encoding="UTF-8"?>
<marc:record xmlns:marc="http://www.loc.gov/MARC21/slim">
   <marc:leader>00000nam a2200000 a 4500</marc:leader>
   <marc:datafield ind1="0" ind2="0" tag="245">
      <marc:subfield code="a">Konsument - Das österreichische Test Magazin; 2025/07/2025</marc:subfield>
   </marc:datafield>
   <marc:datafield ind1="0" ind2="0" tag="245">
      <marc:subfield code="b">Sonnenschutzmittel / Antitranspirantien für Männer / Kombi-Kinderwagen / Eisenmangel / Carsharing / Secondhand-Plattform / Sommerliche Ernährungs-Mythen / Medikamentenunverträglichkeit / Radon Belastung messen / Buch vs. E-Book vs. Tablet / kurz &amp; knapp S</marc:subfield>
   </marc:datafield>
   <marc:datafield ind1=" " ind2="1" tag="264">
      <marc:subfield code="b">Elbemühl</marc:subfield>
      <marc:subfield code="c">2025</marc:subfield>
   </marc:datafield>
   <marc:datafield ind1="3" ind2=" " tag="024">
      <marc:subfield code="a">9005322960071</marc:subfield>
   </marc:datafield>
</marc:record>
